Cicero bölcseleti műveiből.
Elmentve itt :
| Szerző: | |
|---|---|
| Adatforrás: | Philobibl |
| Dokumentumtípus: | Könyv |
| Nyelv: | magyar |
| Megjelent: |
Bp.
Franklin.
1902
|
| Sorozat: | Jeles Írók. 80.
|
| LEADER | 00432nam a2200145 c 4500 | ||
|---|---|---|---|
| 001 | bibDOK00022655 | ||
| 005 | 20200924121652.7 | ||
| 008 | 060518s1902 hu hun | ||
| 100 | 1 | |a Cicero, Marcus Tullius | |
| 245 | 1 | 0 | |a Cicero bölcseleti műveiből. |c Cicero, Marcus Tullius |
| 260 | |a Bp. |b Franklin. |c 1902 | ||
| 300 | |a 223 p. p. | ||
| 490 | 1 | |a Jeles Írók. 80. | |
| 500 | |a Vál. és magyarázta dr. Boros Gábor. | ||
| 830 | 0 | |a Jeles Írók. 80. | |